00774nam a2200157Ia 4500008004100000082001600041100002200057245007600079260004100155300001100196500010100207650009200308952009000400952010900490999001700599120622s9999 xx 000 0 und d a658.4 L962d aLundgren, Earl F. aDirección organizativa : sistemas y procedimientos / Earl F. Lundgren aMéxico : Logos Consorcio Editorial a509 p. aTraducción de : Organizational management : systems and process \ Incluye índice analítico a1. EJECUTIVOS \ 2. ADMINISTRACION DE LA PRODUCCIÓN \ 3. ADMINISTRACION DE EMPRESASÌ 00104070a01b01d2007-01-25l0o658.4 L962Dp01 004740r2012-06-24w2012-06-24yLB 00102lcc4070a22b22d2016-05-20l1oHD31 L8618p11 013032r2023-07-16s2017-08-21t1w2016-05-20yLB c57797d57797